Bertrand Russell memorial volume. (Record no. 735856)

MARC details
000 -LEADER
fixed length control field 00603nam a2200205Ia 4500
003 - CONTROL NUMBER IDENTIFIER
control field OSt
005 - DATE AND TIME OF LATEST TRANSACTION
control field 20240913152809.0
008 - FIXED-LENGTH DATA ELEMENTS--GENERAL INFORMATION
fixed length control field 220927b |||||||| |||| 00| 0 eng d
020 ## - INTERNATIONAL STANDARD BOOK NUMBER
International Standard Book Number 0041920341
040 ## - CATALOGING SOURCE
Original cataloging agency SDCL
Transcribing agency SDCL
Language of cataloging eng
041 ## - LANGUAGE CODE
Source of code eng
Language code of text/sound track or separate title eng
100 ## - MAIN ENTRY--PERSONAL NAME
Personal name Roberts, George W. Ed.
9 (RLIN) 419715
245 #0 - TITLE STATEMENT
Title Bertrand Russell memorial volume.
260 ## - PUBLICATION, DISTRIBUTION, ETC.
Place of publication, distribution, etc. London
Name of publisher, distributor, etc. George Allen & Unwin
Date of publication, distribution, etc. 1979
300 ## - PHYSICAL DESCRIPTION
Extent 488p.
Dimensions cm.
490 ## - SERIES STATEMENT
Series statement Muirhead library of philosophy.
942 ## - ADDED ENTRY ELEMENTS (KOHA)
Classification part RxM72j L9
Koha item type Textual
Source of classification or shelving scheme Colon Classification (CC)
Holdings
Withdrawn status Lost status Source of classification or shelving scheme Damaged status Not for loan Home library Current library Total Checkouts Full call number Barcode Date last seen Price effective from Koha item type
    Colon Classification (CC)     South Campus Library South Campus Library   RxM72j L9 SC0674984 2022-09-28 2022-09-28 Textual
Copyright @ Delhi University Library System